00551cam a22001572 4500001001100000005001700011008004100028020001500069040001500084100004300099245012800142250001200270260003000282300001300312650006800325000002349420151021151147.0130124s xx 000 0 eng d a9966777741 aKABUcKABU1 aOnyango, Christopher Hugh.@000018292410aLiberalization of services and its implications on agricultural trade in Eastern Africa region /cChristopher Hugh Onyango. a1st ed. aNairobi :bKippra,c2010. av, 33 p. 0aAgricultural industries and tradezAfrica, Eastern.@0000182925